000 01332pam a2200337 a 4500
001 636106
003 OSt
005 20230923153608.0
008 930921s1994 enka b 001 0 eng
010 _a 93037548
020 _a97809521545488
020 _a0521460816 (hardback)
020 _a0521466296 (pbk.)
040 _aDLC
_cDLC
_dDLC
050 0 0 _aQA162
_b.B46 1994
082 0 0 _a512.02
_bBHA/B
100 1 _aBhattacharya, P. B.
_q(Phani Bhushan),
_d1914-
_93773
245 1 0 _aBasic abstract algebra /
_cP.B. Bhattacharya, S.K. Jain, S.R. Nagpaul.
250 _a2nd ed.
260 _aCambridge ;
_aNew York :
_bCambridge University Press,
_cc1994.
300 _axx, 487 p. :
_bill. ;
_c24 cm.
504 _aIncludes bibliographical references (p. 476) and index.
650 0 _aAlgebra, Abstract.
700 1 _aJain, S. K.
_q(Surender Kumar),
_d1938-
700 1 _aNagpaul, S. R.
856 4 2 _3Publisher description
_uhttp://www.loc.gov/catdir/description/cam026/93037548.html
856 4 1 _3Table of contents
_uhttp://www.loc.gov/catdir/toc/cam028/93037548.html
906 _a7
_bcbc
_corignew
_d1
_eocip
_f19
_gy-gencatlg
942 _2ddc
_cBK
_h512.02
_iBHA/B
_k512.02
_mBHA/B
999 _c42312
_d42312